[Event "Florianopolis op-B"]
[Site "Florianopolis"]
[Date "2023.09.24"]
[Round "5"]
[White "Moyses Sobrinho, Elias"]
[Black "Batista, Leonardo Antonio"]
[Result "1/2-1/2"]
[WhiteElo "1800"]
[BlackElo "1613"]
[PlyCount "67"]
[EventDate "2023.09.22"]
[EventType "swiss"]
[EventRounds "6"]
[EventCountry "BRA"]
[SourceTitle "EXT 2024"]
[Source "ChessBase"]
[SourceDate "2023.10.10"]
[SourceVersion "1"]
[SourceVersionDate "2023.10.10"]
[SourceQuality "1"]

1. d4 Nf6 2. c4 c5 3. d5 b5 4. cxb5 a6 5. bxa6 Bxa6 6. Nc3 g6 7. e4 Bxf1 8. Kxf1 d6 9. g3 Bg7 10. Kg2 Nbd7 11. Nf3 0-0 12. h3 Qb6 13. Re1 Nh5 14. g4 Nhf6 15. a4 Rfb8 16. Nb5 Ne8 17. Nd2 Qa6 18. Ra3 Nb6 19. b3 Qc8 20. Nc4 Nc7 21. Nxc7 Qxc7 22. Qc2 Nxc4 23. Qxc4 Qa5 24. Re2 Qa6 25. Qxa6 Rxa6 26. a5 Bc3 27. Bd2 Bb2 28. Ra2 Rxb3 29. Bg5 Bf6 30. Bxf6 exf6 31. Ra4 Rb5 32. Rea2 Kg7 33. R2a3 Rb4 34. Kf3 1/2-1/2